Initiales RA à RZ - Statistiques

Statistiques générales
  • Ce quiz a été pris 32 fois
  • Le résultat moyen est 10 sur 26
Statistiques - réponses
Initiales Réponse % Correct
RW Rupert Grint l'interprète dans Harry Potter Ron Weasley
90%
RR Quarantième président des États-Unis Ronald Reagan
86%
RP Il incarne Edward Cullen dans Twilight Robert Pattinson
76%
RA Il incarne Mister Bean au cinéma Rowan Atkinson
72%
RL Plus grand perchiste français de tous les temps Renaud Lavillenie
69%
RH Robbie Coltrane le joue dans Harry Potter Rubeus Hagrid
69%
RV Cycliste français ayant gagné 7 fois le maillot a pois Richard Virenque
62%
RG Ancien pilote de F1 français qui à frôlé la mort a Bahreïn en 2020 Romain Grosjean
55%
RJ Nom de ring de Wayde Douglas Bowles et père de The Rock Rocky Johnson
52%
RC Footballeur lyonnais né en 2003 et évoluant en 2025 à Manchester City Rayan Cherki
48%
RQ Footballeur Portugais ayant eu le Bidon d'Or en 2008 Ricardo Quaresma
45%
RT Il chante Blurred Lines avec Pharrell Williams et T.I. en 2013 Robin Thicke
45%
RB Pilote de F1 brésilien, 3eme en 2009, et champion Nascar brésilienne à 53 ans Rubens Barrichello
41%
RM Catcheur mexicain connu pour le 619 Six One Nine Rey Mysterio
38%
RN Rugbyman français ayant Romain Ntamack
38%
RD Elle est jouée par Kate Winslet dans Titanic Rose Dawson
34%
RE Vainqueur de la Vuelta en 2022 Remco Evenepoel
31%
RU Cycliste colombien, 2eme du Tour de France 2017 Rigoberto Urán
28%
RS Ministre pendant la 4eme République, et Président du Parlement européen Robert Schuman
24%
RO Numéro 1 mondial de Snooker durant 9 ans dont 2002 et 2023 Ronnie O'Sullivan
7%
RZ Athlète français vainqueur du 200m aux Jeux Européen à Chorzow Ryan Zézé
7%
RY Autrice américaine ayant écrit Fourth wing Rebecca Yarros
3%
RX Joueuse de football suisse née en 2003 à Soleure Riola Xhemaili
3%
RK Fondateur de McDonald's en 1955 Ray Kroc
0%
RF Pilote français en Motocross, champion du monde 2015 Romain Febvre
0%
RI Pilote français récompensé aux World Stunt Awards en 2023 pour sa cascade Romain Iannetta
0%
Aucun quiz correspondant
Distribution des résultats
% des personnes avec chaque résultat
Percentile par nombre de réponses
Votre historique - résultats
Vous n’avez pas pris ce quiz